| 000 | 00408nam a2200169Ia 4500 | ||
|---|---|---|---|
| 005 | 20240921143634.0 | ||
| 008 | 240921s9999||||xx |||||||||||||| ||und|| | ||
| 041 | _aENGLISH | ||
| 082 | _A604.2 N6 | ||
| 100 | _aVenugopal K | ||
| 245 | 0 | _aEngineering Drawing and Graphics | |
| 250 | _a2nd | ||
| 260 |
_c1996 _bNew Age (wiley) New Delhi |
||
| 650 |
_aDrawing _bMechanical |
||
| 942 | _cBB | ||
| 999 |
_c248078 _d248078 |
||